Welcome to the Holygrace Academy Library

Please use search bar below to get started

UNFABULOUSKEEPIN IT REAL (Record no. 2516)

MARC details
000 -LEADER
fixed length control field 00311nam a22001337a 4500
020 ## - INTERNATIONAL STANDARD BOOK NUMBER
ISBN 0-439-79666-0
082 ## - DEWEY DECIMAL CLASSIFICATION NUMBER
Classification number 823
Item number WAS/U
100 ## - MAIN ENTRY--AUTHOR NAME
Personal name WASSRMAN, ROBIN
245 ## - TITLE STATEMENT
Title UNFABULOUSKEEPIN IT REAL
260 ## - PUBLICATION, DISTRIBUTION, ETC. (IMPRINT)
Place of publication UNITED STATES
Name of publisher SCHOLASTIC INC
Year of publication 2005
300 ## - PHYSICAL DESCRIPTION
Number of Pages 106
650 ## - SUBJECT ADDED ENTRY--TOPICAL TERM
Topical Term NOVEL
Geographic subdivision UNITED STATES
942 ## - ADDED ENTRY ELEMENTS (KOHA)
Koha item type Books
Holdings
Withdrawn status Lost status Collection code Home library Current library Shelving location Date acquired Source of acquisition Full call number Accession Number Koha item type
    Fiction Main Library Main Library SHELF 1-J-ENGLISH NOVELS FOR TEACHERS 29/01/2019 purchase 823 WAS/U 10796 Books